Normal view
MARC view
- Project Supervisor: Dr. Amir Hamza Dr. Mubashir Saleem Dr. Hamid Jabbar Mr. Usman Sani (NESCOM)
Entry Corporate Name
001 - CONTROL NUMBER
- control field: 98630
003 - CONTROL NUMBER IDENTIFIER
- control field: NUST
005 - DATE AND TIME OF LATEST TRANSACTION
- control field: 20220829155223.0
008 - FIXED-LENGTH DATA ELEMENTS
- fixed length control field: 220829|| aca||aabn | a|a d
040 ## - CATALOGING SOURCE
- Original cataloging agency: NUST
- Transcribing agency: NUST
110 ## - HEADING--CORPORATE NAME
- Corporate name or jurisdiction name as entry element: Project Supervisor: Dr. Amir Hamza Dr. Mubashir Saleem Dr. Hamid Jabbar Mr. Usman Sani (NESCOM)
670 ## - SOURCE DATA FOUND
- Source citation: Work cat.: (NUST): Arslan Falak Muhammad Haseeb Tariq GC Chaudhary Ali Usman 98629, PR-SOF-2131-Development of MEMS Pressure Sensor-based Pressure Calibrator, 2022.
